Narendra Modi (Record no. 11571)

MARC details
000 -LEADER
fixed length control field 00245nam a22000977a 4500
008 - FIXED-LENGTH DATA ELEMENTS--GENERAL INFORMATION
fixed length control field 190708b ||||| |||| 00| 0 eng d
020 ## - INTERNATIONAL STANDARD BOOK NUMBER
International Standard Book Number 9789351770251
100 ## - MAIN ENTRY--PERSONAL NAME
Personal name Marino Andy
9 (RLIN) 7280
245 ## - TITLE STATEMENT
Title Narendra Modi
260 ## - PUBLICATION, DISTRIBUTION, ETC. (IMPRINT)
Place of publication, distribution, etc. India
Name of publisher, distributor, etc. HarperCollins
Date of publication, distribution, etc. 2014
Holdings
Withdrawn status Lost status Source of classification or shelving scheme Damaged status Koha normalized classification for sorting Not for loan Home library Current library Shelving location Date acquired Total Checkouts Total Renewals Full call number Barcode Date last seen Date last checked out Price effective from Koha item type
    Dewey Decimal Classification   MAR_324_000000000000000_P4   Good Samaritan School Library Good Samaritan School Library Biography 07/08/2019 4 2 MAR324 P-4 MAR15474 01/13/2025 01/07/2025 07/08/2019 BOOK

Powered by Koha